000 00872cam a2200193 4500
001 WB3913-17
008 030403n2003 000 0 eng u
035 _a(Sirsi) u121878
245 _a2003 salary survey results
260 _c2003
490 _aRICS News Service
_v 1 April 2003 (1)
520 _aThe salary survey for 2003 is now available online at http://www.rics.org/downloads/research_reports/final2003salarysurvey.pdf. Over 3000 surveying professionals worldwide took part with 78% reporting an increase in salary. The average increase was up from 4.8% in 2002 to 5%. RICS Weekly News Bulletin http://www.rics.org/ricscms/bin/show?class=ResearchReports&template=/includes/showresearch.html&id=46
590 _aWB
650 _aSALARY SURVEYS
650 _aSURVEYING PROFESSION
650 _aSALARIES
690 _aRICS NEWS
942 _n0
999 _c72433
_d72433